000 00758nam a22002057a 4500
005 2010073009389.0
010 _aENG-97446
020 _a9788183333658
_c297.00
035 _aEN-80979
037 _bDBAD/PUB
082 _a620.00420285536
100 _aShrock, Cheryl R.
_91582
245 _aAdvanced auto cad 2011 :
_bexercise workbook /
_cby Cheryl R. Shrock
260 _aNew Delhi
_bBPB Publications
_c2010
270 _aB-14, Connaught Place,
_bNew Delhi
_e110001
300 _aVarious Pagings
_c24 cm (pbk)
500 _aIncldues index
942 _2ddc
_cEN
_h620.00420285536
_mSHR
999 _c38276
_d38276